[Event "Tinsukia op 1st"]
[Site "Tinsukia"]
[Date "2024.07.22"]
[Round "3"]
[White "Biswajit, Changmai"]
[Black "Rupam, Mukherjee"]
[Result "0-1"]
[WhiteElo "1609"]
[BlackElo "1913"]
[PlyCount "67"]
[EventDate "2024.07.21"]
[EventType "swiss"]
[EventRounds "9"]
[EventCountry "IND"]
[SourceTitle "CBM 221 Extra"]
[Source "ChessBase"]
[SourceDate "2024.09.30"]
[SourceVersion "1"]
[SourceVersionDate "2024.09.30"]
[SourceQuality "1"]

1. e4 e6 2. d4 d5 3. Nc3 Nf6 4. exd5 exd5 5. Bd3 Bd6 6. Bg5 c6 7. Nf3 0-0 8. h3 Re8+ 9. Ne2 h6 10. Bh4 g5 11. Bg3 Bxg3 12. fxg3 Ne4 13. 0-0 Qd6 14. Ne5 f6 15. Bxe4 fxe5 16. dxe5 Qc5+ 17. Kh1 dxe4 18. Nc3 Qxe5 19. Qh5 Re7 20. Qxh6 Qg7 21. Qd6 Nd7 22. Rae1 e3 23. Rf3 Nf8 24. Rfxe3 Rxe3 25. Rxe3 Bf5 26. Re7 Qg6 27. Qc5 Nd7 28. Qe3 Qf6 29. g4 Kf8 30. Qf3 Qxe7 31. Qxf5+ Kg7 32. Ne4 Rh8 33. Qxg5+ Qxg5 34. Nxg5 0-1